000 00714 a2200229 4500
999 _c1754
_d1754
020 _a9780073515182
050 0 0 _aDT30.5MOS
100 _aMoseley,William G.
_eeditor
245 0 0 _aTaking sides.
250 _a3rd ed.
264 _aNew York:
_bMcGraw-Hill,
_c2009
300 _a385p.:
500 _aIncludes a list of contributors
650 _aAfrica
651 0 _aAfrica
651 0 _aAfrica
651 0 _aAfrica
651 0 _aAfrica
700 _aMoseley,Wiiliam G.
_eeditor.
942 _2lcc
_cBK
_e3rd.
_h30.5
_iMOS
_kDT